Normal view
MARC view
- Pile, F.A
Entry Personal Name
001 - CONTROL NUMBER
- control field: 49880
003 - CONTROL NUMBER IDENTIFIER
- control field: NUST
005 - DATE AND TIME OF LATEST TRANSACTION
- control field: 20210314134451.0
008 - FIXED-LENGTH DATA ELEMENTS
- fixed length control field: 210314|| aca||aabn | a|a d
040 ## - CATALOGING SOURCE
- Original cataloging agency: NUST
- Transcribing agency: NUST
100 ## - HEADING--PERSONAL NAME
- Personal name: Pile, F.A
670 ## - SOURCE DATA FOUND
- Source citation: Work cat.: (NUST): Pile, F.A, Operations orders made easy, 1996
